000 01643cam a2200229 4500500
005 20251228095246.0
041 _afre
042 _adc
100 1 0 _aKlapisch-Zuber, Christiane
_eauthor
700 1 0 _aDowns, Laura Lee
_eauthor
700 1 0 _aVillemur, Frédérique
_eauthor
700 1 0 _aSebillotte-Cuchet, Violaine
_eauthor
700 1 0 _aDella Sudda, Magali
_eauthor
700 1 0 _aSofio, Séverine
_eauthor
245 0 0 _aHistoire des femmes, histoire du genre. Pratiques d'historiennes table ronde
260 _c2007.
500 _a69
520 _aRésuméToute relation de rêve est un échec. Désir, étonnement, peur, élan, ces impressions fortes ressenties par le dormeur défient le langage. Des variations sur les images oniriques n’évoquent-elles pas l’émoi, la tonalité du rêve mieux qu’un rapport appliqué et neutre ? C’est l’expérience qu’a tentée l’auteur en partant de ses propres sensations. Comptes rendus ? Réécriture ? Y a-t-il une ligne de partage entre les deux ?
520 _aAny account of a dream is a failure. Desire, surprise, fear, impulse, these strong sensations felt by the sleeper defy language. Don’t variations on oneiric images evoke the emotion, the tone of a dream better than a faithful and neutral account ? That is the experiment made by the author based on his own sensations. Accounts ? Rewriting ? Is there a dividing line between the two ?
786 0 _nSociétés & Représentations | 24 | 2 | 2007-11-01 | p. 11-28 | 1262-2966
856 4 1 _uhttps://shs.cairn.info/revue-societes-et-representations-2007-2-page-11?lang=fr&redirect-ssocas=7080
999 _c1606006
_d1606006